Research Methodology: Methods & techniques. (Record no. 15)

MARC details
005 - DATE AND TIME OF LATEST TRANSACTION
control field 20250628080001.0
020 ## - INTERNATIONAL STANDARD BOOK NUMBER
International Standard Book Number 81-224-1522-9
082 ## - DEWEY DECIMAL CLASSIFICATION NUMBER
Classification number 001.43 KOT
100 ## - MAIN ENTRY--PERSONAL NAME
Author name KOTHARI, C.R.
245 ## - TITLE STATEMENT
Title Research Methodology: Methods & techniques.
250 ## - EDITION STATEMENT
Edition statement 2nd Ed.
260 ## - PUBLICATION, DISTRIBUTION, ETC.
Place of publication, distribution, etc. New Delhi,
Name of publisher, distributor, etc. New Age International (P) Ltd,
Date of publication, distribution, etc. 2004.
300 ## - PHYSICAL DESCRIPTION
Extent xiv, 401p.: ill.; chart, graph, table
Other physical details Index & References
Dimensions 25cm
856 ## - ELECTRONIC LOCATION AND ACCESS
Link text Access online book
Electronic name Research
Path www.newagepublisher.com
942 ## - ADDED ENTRY ELEMENTS (KOHA)
Source of classification or shelving scheme Dewey Decimal Classification
Koha item type Books
Holdings
Date last seen Total checkouts Full call number Barcode Cost, replacement price Price effective from Koha item type Lost status Source of classification or shelving scheme Damaged status Not for loan Withdrawn status Home library Current library Shelving location Date acquired Cost, normal purchase price
03/05/2025   001.43 KOT 00000030 204816.00 03/05/2025 Books   Dewey Decimal Classification       College of Business Education Main Library College of Business Education Main Library Special Reserve Collection 07/10/2006 68272.00
03/05/2025   001.43 KOT 00000031 204816.00 03/05/2025 Books   Dewey Decimal Classification       College of Business Education Main Library College of Business Education Main Library General Collection 07/10/2006 68272.00
03/05/2025   001.43 KOT 00000032 204816.00 03/05/2025 Books   Dewey Decimal Classification       College of Business Education Main Library College of Business Education Main Library Special Reserve Collection 07/10/2006 68272.00
03/05/2025   001.43 KOT 00000033 204816.00 03/05/2025 Books   Dewey Decimal Classification       College of Business Education Main Library College of Business Education Main Library Special Reserve Collection 07/10/2006 68272.00
03/05/2025   001.43 KOT 00000034 204816.00 03/05/2025 Books   Dewey Decimal Classification       College of Business Education Main Library College of Business Education Main Library Special Reserve Collection 07/10/2006 68272.00
03/05/2025   001.43 KOT 00000035 204816.00 03/05/2025 Books   Dewey Decimal Classification       College of Business Education Main Library College of Business Education Main Library General Collection 07/10/2006 68272.00